000
00237nam a2200097Ia 4500
001
720929
005
20250826163242.0
008
250824s9999 xx 000 0 und d
245
0
_a
SİYAH KAR
_c
JULIETTE SOBANET
260
_b
ARKADYA YAYINLARI
999
_c
720929
_d
720929